000 00457nam a2200145Ia 4500
008 230917s9999||||xx |||||||||||||| ||und||
040 _e164178
_aMAIN
041 _aEnglish
082 _a891.433721 CS824B
100 _aकोस्टा, शिवप्रसाद
245 0 _aभारतीय राकेट
260 _aनई दिल्ली
_bविधा प्रकाशन मन्दिर
_c1980
300 _a154 p.
942 _cHN
999 _c216349
_d216349